Psicoanálisis del Arte

Saved in:
Bibliographic Details
Main Author: Baudouin, Charles (Author)
Format: Book
Language:Spanish
Published: Buenos Aires Ediciones Siglo Veinte 1946
Edition:1a. ed
Series:Colección Psique
Subjects:
Tags: Add Tag
No Tags, Be the first to tag this record!

MARC

LEADER 00000cam a2200000 a 4500
001 UCE2890
003 CL-VaPUC
008 140731e19460000ag |||||||||||||||||spa|d
082 0 4 |a 701.15  |b BAU  |2 21 
100 0 |a Baudouin, Charles  |e author  |9 575433 
245 1 0 |a Psicoanálisis del Arte 
250 |a 1a. ed 
300 |a 317 p 
942 |c BK 
945 |d 20140731 15:45:00  |a dcastane 
260 |a Buenos Aires  |b Ediciones Siglo Veinte  |c 1946 
650 0 |a Psicoanálisis   |9 265702 
650 0 |a Arte  |9 265238 
650 0 |a Naturaleza humana   |9 308593 
583 |a last modification  |c 20140731 15:45:00  |k Rodrigo Vera 
490 0 |a Colección Psique 
999 |c 356421  |d 356419 
952 |0 0  |1 0  |3 erb  |4 0  |6 701_150000000000000_BAU_1946  |7 0  |8 A  |9 463762  |a BIBART  |b BIBART  |i 5049458  |o 701.15 BAU 1946  |p 5049458  |r 2025-03-13  |w 2019-11-23  |y BK  |z Catalogado en:20140731  |k ART